| 000 | 01030nam a22003257a 4500 | ||
|---|---|---|---|
| 003 | CHAP | ||
| 005 | 20220329143923.0 | ||
| 008 | 120827s1995 mx r 00010 spa d | ||
| 010 | _a103753 | ||
| 011 | _a104725 | ||
| 020 | _a9684091982 | ||
| 035 | _a115415 | ||
| 040 | _cCHAP | ||
| 082 | 0 | 4 |
_a153.15 _bP37 1995 |
| 100 | 1 |
_aPeisekovicius Baribaute, Raquel. _986596 |
|
| 245 | 1 | 3 |
_aEl niño zurdo : _bdificultades en el aprendizaje de la lectura y las escrituras _c/por Raquel Peisekovicius Baribaute |
| 250 | _a7 ed. | ||
| 260 |
_aMéxico : _bEDAMEX, _c1995 |
||
| 300 |
_a122 p. : _bilus. |
||
| 590 |
_aBATCH-UPD _b10 _c20130110 _lUCH01 _h1112 |
||
| 590 |
_aBATCH-UPD _b10 _c20130410 _lUCH01 _h0703 |
||
| 590 |
_aBATCH-UPD _b10 _c20130914 _lUCH01 _h1239 |
||
| 590 |
_aCONVERSION _b10 _c20130109 _lUCH01 _h1357 |
||
| 650 | 1 | 4 |
_aAprendizaje. _96370 |
| 650 | 1 | 4 |
_aEducación. _935409 |
| 650 | 1 | 4 |
_aNiños. _981369 |
| 901 | _aBK | ||
| 942 | _cLIBRO | ||
| 949 |
_a153.15 P37 1995 _bBC _cLIBRO _d33724002344876 _eLIBRO _h117312 _i115415 _st |
||
| 999 |
_c103753 _d103753 |
||